El credo de la Iglesia Católica (Record no. 139904)

MARC details
000 -LEADER
campo de control de longitud fija 00643nam a2200205 i 4500
001 - NÚMERO DE CONTROL
campo de control 139904
003 - IDENTIFICADOR DE NÚMERO DE CONTROL
campo de control ES-MaACL
005 - FECHA Y HORA DE LA ÚLTIMA TRANSACCIÓN
campo de control 20250830020104.0
007 - CAMPO FIJO DE DESCRIPCIÓN FÍSICA--INFORMACIÓN GENERAL
campo de control de longitud fija t|
008 - DATOS DE LONGITUD FIJA--INFORMACIÓN GENERAL
campo de control de longitud fija 070214s1970 sp |||| | spa d
100 1# - ENTRADA PRINCIPAL--NOMBRE DE PERSONA
Nombre de persona Schmaus, Michael.
9 (RLIN) 104445
245 13 - MENCIÓN DEL TÍTULO
Título El credo de la Iglesia Católica
Resto del título : orientación posconciliar /
Mención de responsabilidad, etc. Michael Schmaus ; [versión... por Raúl Gabás].
260 ## - PUBLICACIÓN, DISTRIBUCIÓN, ETC.
Lugar de publicación, distribución, etc. Madrid :
Nombre del editor, distribuidor, etc. Rialp,
Fecha de publicación, distribución, etc. 1970.
300 ## - DESCRIPCIÓN FÍSICA
Extensión 2 v. ;
Dimensiones 23 cm.
600 04 - PUNTO DE ACCESO ADICIONAL DE MATERIA--NOMBRE DE PERSONA
Nombre de persona Jesucristo.
9 (RLIN) 66361
650 07 - PUNTO DE ACCESO ADICIONAL DE MATERIA--TÉRMINO DE MATERIA
Término de materia o nombre geográfico como elemento de entrada Teología dogmática
Fuente del encabezamiento o término embne
9 (RLIN) 17468
700 1# - ENTRADA AGREGADA--NOMBRE PERSONAL
Nombre de persona Gabás Pallás, Raúl.
9 (RLIN) 53124
852 ## - LOCALIZACIÓN
Ubicación ES-MaACL
Número de control de estantería C-41084-85
Holdings
Estatus retirado Estado de pérdida Estado de daño No para préstamo Biblioteca de origen Biblioteca actual Ubicación en estantería Fecha de adquisición Fuente de adquisición Total de préstamos Signatura topográfica completa Código de barras Visto por última vez Precio de reemplazo Tipo de ítem Koha
        Biblioteca del Ateneo de Madrid Biblioteca del Ateneo de Madrid Depósito 2 17/01/2008     C-41084-85 1145588 23/02/2023 23/02/2023 Libro impreso